Tribal economy and society / (Record no. 65516)

MARC details
000 -LEADER
fixed length control field 00589nam a22001577a 4500
005 - DATE AND TIME OF LATEST TRANSACTION
control field 20120424114025.0
020 ## - INTERNATIONAL STANDARD BOOK NUMBER
International Standard Book Number 8170992990
Terms of availability 00.00
035 ## - SYSTEM CONTROL NUMBER
System control number A-464874
037 ## - SOURCE OF ACQUISITION
Stock number DPL
Source of stock number/acquisition ENG
100 ## - MAIN ENTRY--PERSONAL NAME
Personal name Jairath, Madhu Sudan
245 ## - TITLE STATEMENT
Title Tribal economy and society /
Statement of responsibility, etc by Madhu Sudan Jairath
260 ## - PUBLICATION, DISTRIBUTION, ETC. (IMPRINT)
Place of publication, distribution, etc New Delhi
Name of publisher, distributor, etc Mittal Publications
Date of publication, distribution, etc 1991
300 ## - PHYSICAL DESCRIPTION
Extent x, 121p.
Dimensions 20 cms.
942 ## - ADDED ENTRY ELEMENTS (KOHA)
Source of classification or shelving scheme Dewey Decimal Classification
Item type English Books
Classification part 307.772
Call number suffix JAI
Holdings
Withdrawn status Lost status Not for loan Collection code Home library Current library Date acquired Cost, normal purchase price Full call number Barcode Cost, replacement price Koha item type
      Non-fiction Sarojini Nagar Sarojini Nagar 24/04/2012 0.00 307.772 JAI A-464874 0.00 English Books

© Delhi Public Library
Hit Counter
free hit counter